Reestructuración productiva y empleo. El caso de la industria electrónica.
Guardado en:
| Autores Corporativos: | , , |
|---|---|
| Otros Autores: | , |
| Formato: | Libro |
| Idioma: | Spanish |
| Publicado: |
[Buenos Aires] :
República Argentina, Ministerio de Trabajo y Seguridad social : Secretaría de Planificación,
1986.
|
| Series: | Estudios y documentos de trabajo sobre empleo, remuneraciones y recursos humanos
|
| Materias: | |
| Etiquetas: |
Agregar Etiqueta
Sin Etiquetas, Sea el primero en etiquetar este registro!
|
| LEADER | 01520nam a22002775a 4500 | ||
|---|---|---|---|
| 001 | EIQ.libpla000107 | ||
| 008 | 050921s1986####ag#######b###f000#0#spa#d | ||
| 005 | 20060508180711.0 | ||
| 245 | 0 | 0 | |a Reestructuración productiva y empleo. |p El caso de la industria electrónica. |
| 260 | |a [Buenos Aires] : |b República Argentina, Ministerio de Trabajo y Seguridad social : |b Secretaría de Planificación, |c 1986. | ||
| 300 | |a iii, 41, [4] p. ; |c 29 cm. | ||
| 440 | 0 | |a Estudios y documentos de trabajo sobre empleo, remuneraciones y recursos humanos | |
| 500 | |a Proyecto Gobierno Argentino. Programa de las Naciones Unidas para el Desarrollo. Organización Internacional del Trabajo. ARG/84/029. | ||
| 500 | |a "El presente documento fue elaborado por Daniel Azpiazu y Hugo Nochteff. Las opiniones vertidas en el mismo son de exclusiva responsabilidad de los autores". | ||
| 504 | |a Incluye referencias bibliográficas. | ||
| 700 | 1 | |a Azpiazu, Daniel. | |
| 700 | 1 | |a Nochteff, Hugo. | |
| 710 | 1 | |a Argentina. |b Ministerio de Trabajo y Seguridad Social. |b Secretaría de Planificación. | |
| 710 | 2 | |a Programa de las Naciones Unidas para el Desarrollo. | |
| 710 | 2 | |a Organización Internacional del Trabajo. | |
| 650 | 0 | |a Industria electrónica |z Argentina. | |
| 650 | 4 | |a Trabajadores de la industria electrónica |x Oferta y demanda. | |
| 650 | 0 | |a Electronic industries |z Argentina. | |
| 650 | 4 | |a Electronic industry workers |x Supply and demand. | |
| 040 | |a AR-BbSID |b spa |c AR-BbSID | ||
| 859 | |a AR-BbSID |b BIB. PLAPIQUI |h 331 |i Mini 664 |p 3454 | ||
